000 00416cam a22001097a 4500
008 180718b1941 xxu||||| |||| 00| 0 eng d
082 _aB71x75284 B791
245 _aGovernment of montgomery country Maryland: a survey made at the request of the Board of County Commissioners
260 _aWashington
_bBrookings Institution
_c1941
300 _axxiv, 740 p
650 _aMontgomery County (Md.) --Politics and government.
999 _c422397
_d422397